| 000 | 00353cam a2200145ua 4500 | ||
|---|---|---|---|
| 003 | OSt | ||
| 008 | 250328b |||||||| |||| 00| 0 eng d | ||
| 041 | _aeng | ||
| 082 |
_a621.902 _bNAG/TO |
||
| 100 |
_aNagpal, G.R. _97354 |
||
| 245 | _aTool engineering and design / | ||
| 260 |
_aDelhi : _bKhanna publishers , _c1994. |
||
| 300 | _a414 ; . | ||
| 942 | _cBK | ||
| 999 |
_c7572 _d7572 |
||